| 000 | 00534nam a22001937a 4500 | ||
|---|---|---|---|
| 003 | OSt | ||
| 005 | 20180116183031.0 | ||
| 008 | 151221b xxu||||| |||| 00| 0 eng d | ||
| 020 | _a04-2330-2004-1 | ||
| 024 | _204-2330-2004-1 | ||
| 040 | _cLahore LUMS | ||
| 082 | _a 174.4 LUM 2004 | ||
| 100 | _aTarar M B, Afghan N | ||
| 245 |
_aBUNYAD LITERACY COMMUNITY COUNCIL _cTarar M B, Afghan N |
||
| 260 |
_aLahore LUMS _b174.4 LUM _c2004 |
||
| 300 |
_a10 p. _bPapers |
||
| 440 | _aBUNYAD LITERACY COMMUNITY COUNCIL | ||
| 942 |
_2ddc _cCS |
||
| 999 |
_c351026 _d351026 |
||